000 00458nam a2200145 i 4500
001 bg
100 1 _aSIOŁKOWSKI, Bronisław
245 0 _aLaboratorium mechaniki technicznej.
_nCz. 1,
_pLaboratorium statyki i wytrzymałości materiałów /
_cBronisław Siołkowski, Krzysztof Wernerowski.
260 _aBydgoszcz,
_c1980.
700 1 _aWERNEROWSKI, Krzysztof
040 _cBPK
041 _apol
942 _cKS
008 s pl f |000 0 pol
999 _c19316
_d19316
856 _uhttp://koha.tu.koszalin.pl/cgi-bin/koha/opac-detail.pl?biblionumber=19316
_yKatalog online BPK